000 00909nac a22002657a 4500
001 BR8800877
003 BR-BrBNA
005 20240105120712.0
008 230509b bl.|||m| |||| 00| 0 por d
040 _aBR-BrBNA
_bpor
_cBiblioteca Nacional de Agricultura
072 _aF04
090 _a1959 BR8800877
100 1 _aTeixeira Neto, J.F.
100 1 _aMatos, A. de O.
110 1 _aCentro de Pesquisa Agropecuaria do Tropico Umido, Belem, PA (Brasil)
245 1 _aNiveis de calcario no estabelecimento de Pueraria phaseoloides em solo da ilha de Marajo, Para
260 3 _aBelem, PA (Brasil):
_c1984.
300 _a2 p.
490 _aPesquisa em Andamento - Centro de Pesquisa Agropecuaria do Tropico Umido (Brazil)
_vno. 141
_xISSN 0101-5613
650 _aKUDZU
650 _aCALCARIO
650 _aILHA DE MARAJO
909 _a202312
_bLúcia Elande
_c55
_dLúcia Elande
942 _2AGRIS
_n0
_cMS
999 _c280973
_d280973